Inter-Faith Essays and other articles / (Record no. 588601)
[ view plain ]
| 000 -LEADER | |
|---|---|
| fixed length control field | 00312nam a22001217a 4500 |
| 082 ## - DEWEY DECIMAL CLASSIFICATION NUMBER | |
| Classification number | 297 |
| Author Mark | ABD |
| 100 ## - MAIN ENTRY--PERSONAL NAME | |
| Personal name | Khan, Abdul Waheed |
| 245 ## - TITLE STATEMENT | |
| Title | Inter-Faith Essays and other articles / |
| Statement of responsibility, etc. | Abdul Waheed Khan |
| 260 ## - PUBLICATION, DISTRIBUTION, ETC. | |
| Name of publisher, distributor, etc. | Islam-Christianity, |
| 300 ## - PHYSICAL DESCRIPTION | |
| Extent | 173p. ; |
| Dimensions | 22 cm. |
| 504 ## - BIBLIOGRAPHY, ETC. NOTE | |
| Bibliography, etc. note | PBK. |
| 942 ## - ADDED ENTRY ELEMENTS (KOHA) | |
| Source of classification or shelving scheme | |
| Koha item type | Book |
| Withdrawn status | Lost status | Source of classification or shelving scheme | Damaged status | Not for loan | Permanent Location | Current Location | Shelving location | Date acquired | Source of acquisition | Total Checkouts | Full call number | Barcode | Date last seen | Date last checked out | Price effective from | Koha item type |
|---|---|---|---|---|---|---|---|---|---|---|---|---|---|---|---|---|
| Central Library (CL) | Central Library (CL) | First Floor - Islam | 03/06/2022 | Donated By Student Affairs NUST | 1 | 297 ABD | CL-D-1501 | 10/01/2024 | 09/28/2024 | 03/06/2022 | Book |
